| Tag |
First Indicator |
Second Indicator |
Subfields |
| LEADER |
00000cam a2200000 4500 |
| 001 |
in00000066184 |
| 005 |
20151008051842.0 |
| 008 |
720815s1948 nyu 00000 eng u |
| 010 |
|
|
|a 48003450
|
| 035 |
|
|
|a (OCoLC)00382428
|
| 035 |
|
|
|9 AAH0352AM
|
| 040 |
|
|
|c CSU
|d TXA
|d UtOrBLW
|
| 049 |
|
|
|a TXAM
|c [164132]
|
| 050 |
|
0 |
|a HV9069
|b .E56
|
| 092 |
|
|
|a 364.36
|b E46p
|
| 100 |
1 |
|
|a Ellingston, John Rocky,
|d 1897-
|
| 245 |
1 |
0 |
|a Protecting our children from criminal careers.
|
| 264 |
|
1 |
|a New York :
|b Prentice-Hall,
|c 1948.
|
| 300 |
|
|
|a x, 374 pages :
|b diagram ;
|c 22 cm.
|
| 336 |
|
|
|a text
|b txt
|2 rdacontent
|
| 337 |
|
|
|a unmediated
|b n
|2 rdamedia
|
| 338 |
|
|
|a volume
|b nc
|2 rdacarrier
|
| 490 |
1 |
|
|a Prentice-Hall sociology series
|
| 610 |
1 |
0 |
|a California Youth Authority.
|
| 650 |
|
0 |
|a Juvenile delinquency.
|
| 650 |
|
0 |
|a Juvenile delinquency
|z California.
|
| 830 |
|
0 |
|a Prentice-Hall sociology series.
|
| 999 |
|
|
|a MARS
|
| 999 |
f |
f |
|s 876a9c23-9d73-3c6f-bbf5-e42e6153fe3d
|i d3be03b1-d6a6-3b75-ae05-4fadb1af14ad
|t 0
|
| 952 |
f |
f |
|p ric
|a Texas A&M University
|b Rellis Campus
|c Joint Library Facility
|d Remote Storage
|t 0
|e HV9069 .E56
|h Library of Congress classification
|i unmediated -- volume
|m A14800813523
|
| 998 |
f |
f |
|a HV9069 .E56
|t 0
|l Remote Storage
|